LEADER 00839nam a2200205 i 4500 001 000000158913 003 CaOOAMICUS 005 20221004145251.0 008 071029s1971 it u000 u ita u 013 $a136276 040 $aSeMil$bita 245 10$a5: La religione islamica, India, Cina, Tibet, Buddhismo nel mondo, Scintoismo. 300 $aXV, 949 p. 600 14$aSalvadori, Giulio <1862-1928>.$0(OLS)http://semarc/subject/1294 773 0 $tStoria delle religioni.$b6. ed. interamente rifatta e ampliata.$dTorino : UTET, 1970-1971.$w()6660 850 $aSeMil 852 $aSeMil$W1$xVenegono$y1$mSL1.M IV 27/B$j110506$B110506$CSeMilBibl$Z2$F120135 $8I 961 $aOmaggio: Altro 996 $6245$a5: La religione islamica, India, Cina, Tibet, Buddhismo nel mondo, Scintoismo$9(OLS)http://semarc/title/140632 LEADER 01139nam a2200277 i 4500 001 000000230725 003 CaOOAMICUS 005 20221223103429.0 008 140617s2004 it u000 u ita u 013 $a209627 020 $a978-88-420-7376-8 040 $aSeMil$bita 100 1 $aTedesco, Francescomaria <1973- >.$0(OLS)http://semarc/name/79470 245 10$aIntroduzione a Hayek /$cFrancescomaria Tedesco. 260 $aRoma ;$aBari :$bGLF editori Laterza,$c2004. 300 $a177 p. ;$c18 cm. 490 0 $aMaestri del Novecento ;$v11 650 4$aHayek, Friedrich August : von <1889-1992>.$0(OLS)http://semarc/subject/25202 830 0$aMaestri del Novecento Laterza ;$v11.$0(OLS)http://semarc/title/27651 850 $aSeMil 852 $aSeMil$W1$xVenegono$y1$m2Q VII 211$j181071$B181071$CSeMilBibl$Z2$F191856 $81 961 $aAcquisto: LI.CO.SA 996 $6020$a978-88-420-7376-8$9(OLS)http://semarc/number/233616 996 $6245$aIntroduzione a Hayek$9(OLS)http://semarc/title/329615 996 $6260$aRoma ;$aBari :$bGLF editori Laterza$9(OLS)http://semarc/publisher/37788